Statistiken für Liedtext - Jein - Fettes Brot

Klicken Sie hier um das Quiz zu spielen!

Allgemein

  • Dieses Quiz wurde 374 mal gespielt
  • Das Durchschnittsergebnis liegt bei 440 aus 614

Antwortstatistiken

Textquiz% Korrekt
Es
98%
es
98%
Hm
98%
In
97%
in
97%
is'
97%
Ich
96%
ich
96%
ist
96%
a
95%
der
95%
Jein
95%
jein
95%
mein
95%
'ne
95%
und
95%
Und
95%
Ja
94%
ja
94%
Freund
93%
Ein
92%
ein
92%
Sie
92%
sie
92%
wir
92%
Freundin
91%
meine
91%
Meine
91%
Das
89%
das
89%
die
89%
Du
89%
du
89%
er
89%
so
89%
war
89%
wär
89%
will
88%
im
87%
sein
87%
weg
87%
mach
86%
nein
86%
sich
86%
machen
85%
liebe
84%
Na
84%
nich
84%
oder
84%
nicht
83%
Nicht
83%
Soll
83%
soll
83%
auf
82%
Auf
82%
Den
82%
den
82%
lass
82%
bräunt
81%
lieber
81%
Neunzehn-sechsundneunzig
81%
Sag
81%
Südsee
81%
wen
81%
Wenn
81%
wenn
81%
Doch
80%
doch
80%
mich
80%
Mich
80%
mir
80%
beste
79%
ich's
79%
Heut
78%
klein
78%
schon
78%
schön
78%
wirklich
78%
dann
77%
habe
77%
hat
77%
weiß
77%
an
76%
Frau
76%
Komm
76%
Nur
76%
nur
76%
seine
76%
uns
76%
auch
75%
bester
75%
ihr
74%
Ihr
74%
Schwester
74%
steh
74%
Verein
74%
zu
74%
bei
73%
Budget
73%
dass
73%
hätt
73%
hätt'
73%
Problem
73%
wat
73%
willkommen
73%
Allein
72%
was
72%
Was
72%
fein
71%
heute
71%
mit
71%
Mit
71%
von
71%
Warum
71%
warum
71%
äähh
70%
einen
70%
meiner
70%
denn
69%
dir
69%
hast
69%
man
69%
bin
68%
gute
68%
haben
68%
Herein
68%
dich
67%
diese
67%
fette
67%
Nacht
67%
sehen
67%
steh'n
67%
wird
67%
wie
66%
dem
65%
Engel
65%
Teufel
65%
um
65%
Würd
65%
nichts
64%
schwindel
64%
sozusagen
64%
Sozusagen
64%
Zwickmühle
64%
Beute
63%
bist
63%
des
63%
bleibst
62%
Grund
62%
jetzt
62%
Kannst
62%
Kommt
62%
kommt
62%
Leute
62%
schwindelig
62%
fühle
61%
links
61%
rechts
61%
äh
60%
für
60%
geht
60%
sitz
60%
vom
60%
echt
59%
gefickt
59%
immer
59%
Raum
59%
braucht
58%
Freunde
58%
nette
58%
Regen
58%
sacht
58%
Traufe
58%
treu
58%
Abend
57%
Bock
57%
deine
57%
linken
57%
Linken
57%
Nimm
57%
scharf
57%
Schicksal
57%
Schulter
57%
Sind
57%
streiten
57%
zur
57%
Bräute
56%
guter
56%
schönste
56%
aller
55%
beiden
55%
lauter
55%
ob
55%
werd
55%
beschissen
54%
Entscheide
54%
Kleiner
54%
Party
54%
aus
53%
eben
53%
Gewissen
53%
vor
53%
wozu
53%
kommst
52%
schreit
52%
Uh
52%
weißt
52%
Wisst
52%
wisst
52%
Andere
51%
begeben
51%
Blick
51%
deswegen
51%
Körperbau
51%
noch
51%
Oh
51%
aber
50%
first
50%
scheiße
50%
stinken
50%
Treffen
50%
verpasst
50%
während
50%
erklären
49%
hier
49%
love
49%
Lügner
49%
abgemacht
48%
euch
48%
Ey
48%
Feste
48%
Genau
48%
Halt
48%
Jahrhunderts
48%
my
48%
traf
48%
Abende
47%
dacht'
47%
dazu
47%
denkst
47%
durchs
47%
ehrlich
47%
Gästeliste
47%
Kaum
47%
klar
47%
Lust
47%
solche
47%
nun
46%
schaut
46%
Schweinereien
46%
Zimmer
46%
anschreien
45%
ihr's
45%
schlau
45%
Solist
45%
sowas
45%
Telefon
45%
fertig
44%
geschieht
44%
glaubt
44%
Knabenchor
44%
Lande
44%
Sachen
44%
schönsten
44%
Teufelchen
44%
unserem
44%
eher
43%
Engelchen
43%
erneute
43%
Herzallerliebste
43%
klingelt
43%
passiert
43%
Schande
43%
Schlaf
43%
spärlich
43%
trauern
43%
warf
43%
ruhigen
42%
sieben
42%
checkt
41%
dauernd
41%
durchschaubar
41%
eigentlich
41%
mitkommst
41%
Pack
41%
Plexiglas
41%
brav
40%
eingetragen
40%
imstande
40%
meint
40%
sieht
40%
Augen
39%
erscheinen
39%
gesteht
39%
Kollegenschwein
39%
wette
39%
Wow
39%
Gott
38%
eingeladen
37%
hast'n
37%
längst
37%
netten
37%
Pretty
37%
Strophe
36%
Woman
36%
schätz'
35%
darf
34%
einem
34%
dabei
33%
Dummen
33%
Habt
33%
Tränen
33%
What
33%
wundert's
33%
Hengst
32%
Rummenigge
32%
Glück
31%
Trottel
31%
Schiff
30%
somit
30%
zwar
30%
heulen
29%
kicke
29%
fast
28%
Lechz
27%
Ähm
26%
biste
26%
Blicke
26%
gesät
24%
schicke
24%
seute
24%
steigen
24%
Schiffmeister
22%
stummen
21%
Aha
20%
Hallo
19%
just
18%
Sott
18%
geahnt
16%

Verteilung der Resultate

Perzentil nach korrekt beantworteten Fragen

Anzahl Personen mit jedem Resultat

Ihre Resultats-Entwicklung

Sie haben dieses Quiz noch nicht gespielt